| 000 | 01329nam a22002295i 4500 | ||
|---|---|---|---|
| 001 | 159089 | ||
| 003 | ES-MaACL | ||
| 005 | 20250727063146.0 | ||
| 008 | 980908s1785 sp |||| | spa d | ||
| 040 |
_aCAV _bspa _cCAV |
||
| 100 | 1 |
_aMasdéu, Juan Francisco, _d1744-1817 _9129694 |
|
| 245 | 1 | 0 |
_aHistoria critica de España y de la cultura española en todo genero / _cescrita en italiano por D. Juan Francisco de Masdeu... ; traducida al idioma español por N. ... N. ... ; tomo I. España antigua, parte segunda. |
| 260 |
_aEn Madrid : _bpor Don Antonio de Sancha, se hallará en su libreria en la Aduana Vieja, _c1785. |
||
| 300 |
_aXXIV, 382 p. ; _c4º (21 cm) |
||
| 594 | _aLa traducción es atribuida al propio Masdeu, según Rodriguez-Moñino. | ||
| 594 | _aLa traducción de la obra ha sido atribuída a Bernardo Arana y al propio Juan Francisco de Masdeu, cf. Rogers y Lapuente. Diccionario de seudónimos literarios españoles, p. 321. En port. de t. II-III consta: ... escrita en italiano por D. Juan Francisco de Masdeu ... ; traducida al idioma español por N.N. | ||
| 597 | _aSign.: []4, 2*4, 3*4, A-Z4, 2A-2T4, 2V4. | ||
| 597 | _aApostillas marginales. | ||
| 651 | 4 |
_aEspaña- _xHistoria. _98209 |
|
| 852 |
_aES-MaACL _jR-270-89 _z-- Enc. pasta _x Olim: C-44-63 |
||
| 999 |
_c159089 _d159089 |
||